000 00974cab a22001935a 4500
001 L150508
008 100721e20100515xxk 000 0 eng d
035 _a(Sirsi) u150508
041 0 _aeng
100 1 _aClark, Paul
245 0 3 _aAn identity crisis at the Registry
260 _c2010
490 _aEstates Gazette
_v(1019) 15 May 2010, 105(1)
520 _aAbolition of land certificates in 2003 and the consequences for conveyancers. Notes that in a five year period there has been a tenfold increase in the number of claims to the Land Registry's indemnity fund as a result of fraud. Argues that the Land Registry has dismissed two obvious solutions to the problem including the closing of the register to public view; in Scotland where searches of registers can only be done by professionals the incidence of fraud is much lower.
590 _aKA
651 4 _aUnited Kingdom
_y
690 _aPROPERTY-PROPERTY ACQUISITION AND DISPOSAL-CONVEYANCING
942 _n0
999 _c82537
_d82537